Normal view
MARC view
Entry Personal Name
001 - CONTROL NUMBER
- control field: 31417
003 - CONTROL NUMBER IDENTIFIER
- control field: dpl
005 - DATE AND TIME OF LATEST TRANSACTION
- control field: 20110805103723.0
008 - FIXED-LENGTH DATA ELEMENTS
- fixed length control field: 110805|||a|||||| | ||| d
040 ## - CATALOGING SOURCE
- Original cataloging agency: dpl
- Transcribing agency: dpl
100 ## - HEADING--PERSONAL NAME
- Personal name: Shantaram, Kiran,
- Dates associated with a name: 1943-
670 ## - SOURCE DATA FOUND
- Source citation: Work cat.: (dpl)54566: Shantaram, Kiran, 1943-, V. Shantaram, the legacy of the Royal Lotus /, 2003.
670 ## - SOURCE DATA FOUND
- Source citation: Work cat.: (dpl)54566: Shantaram, Kiran, 1943-, V. Shantaram, the legacy of the Royal Lotus /, 2003.
